[Event "FRA-ch Blitz"]
[Site "Saint Maur des Fosses"]
[Date "2025.06.15"]
[Round "4"]
[White "Leconte, Jean Olivier"]
[Black "Shoker, Samy"]
[Result "0-1"]
[WhiteElo "2182"]
[BlackElo "2501"]
[PlyCount "46"]
[EventDate "2025.06.15"]
[EventType "swiss"]
[EventRounds "13"]
[EventCountry "FRA"]
[SourceTitle "CB25_2025"]
[SourceDate "2025.06.18"]
[SourceVersion "1"]
[SourceVersionDate "2025.06.18"]
[SourceQuality "1"]

1. e4 g6 2. d4 Bg7 3. Nc3 d6 4. Be3 a6 5. Nf3 b5 6. Bd3 Bb7 7. e5 Nd7 8. e6 fxe6 9. Ng5 Nf8 10. Be4 d5 11. Bf3 Nf6 12. h4 c5 13. Qe2 b4 14. Na4 N6d7 15. Bg4 cxd4 16. Bxe6 Qa5 17. Bf7+ Kd8 18. b3 dxe3 19. 0-0-0 h6 20. Ne6+ Nxe6 21. Bxe6 Rc8 22. Qxe3 Qc7 23. Qd2 Qe5 0-1

[Event "Monaco Sulava Memorial 1st"]
[Site "Monte Carlo"]
[Date "2019.11.29"]
[Round "4"]
[White "Leconte, Jean Olivier"]
[Black "Kantsler, Boris"]
[Result "1-0"]
[WhiteElo "2262"]
[BlackElo "2443"]
[PlyCount "81"]
[EventDate "2019.11.29"]
[EventType "swiss"]
[EventRounds "9"]
[EventCountry "MNC"]
[SourceTitle "CBM 193 Extra"]
[Source "ChessBase"]
[SourceDate "2020.01.31"]
[SourceVersion "1"]
[SourceVersionDate "2020.01.31"]
[SourceQuality "1"]

1. e4 d6 2. d4 Nf6 3. Nc3 e5 4. Nf3 Nbd7 5. g3 g6 6. Bg2 Bg7 7. 0-0 0-0 8. h3 Rb8 9. a4 a6 10. dxe5 dxe5 11. Qe2 Qe7 12. b3 Re8 13. Ba3 Qe6 14. Nd2 Bf8 15. Nd5 Bxa3 16. Rxa3 Nxd5 17. exd5 Qe7 18. Raa1 f5 19. Rfe1 Nf6 20. c4 Bd7 21. f4 Qc5+ 22. Qf2 Qxf2+ 23. Kxf2 e4 24. Nf1 b5 25. axb5 axb5 26. Ne3 bxc4 27. bxc4 c6 28. Re2 cxd5 29. cxd5 Bb5 30. Rd2 Red8 31. g4 fxg4 32. hxg4 Bd3 33. Ra4 Nxd5 34. Rxd3 Rb2+ 35. Kg3 exd3 36. Bxd5+ Kh8 37. Rd4 d2 38. f5 gxf5 39. gxf5 Kg7 40. Kf4 h6 41. Nc4 1-0

[Event "Francophonie-ch blitz 7th"]
[Site "Paris"]
[Date "2019.08.10"]
[Round "8"]
[White "Leconte, Jean Olivier"]
[Black "David, Alberto"]
[Result "0-1"]
[WhiteElo "2227"]
[BlackElo "2534"]
[PlyCount "70"]
[EventDate "2019.08.10"]
[EventType "swiss (blitz)"]
[EventRounds "11"]
[EventCountry "FRA"]
[SourceTitle "CBM 191 Extra"]
[Source "ChessBase"]
[SourceDate "2019.09.30"]
[SourceVersion "1"]
[SourceVersionDate "2019.09.30"]
[SourceQuality "1"]

1. e4 c5 2. Nf3 e6 3. b4 cxb4 4. a3 d5 5. e5 Nc6 6. axb4 Bxb4 7. c3 Be7 8. d4 Bd7 9. Bd3 Rc8 10. 0-0 a6 11. Re1 Na5 12. h4 Nc4 13. h5 Nh6 14. Nfd2 Bb5 15. Nf1 Nf5 16. Qf3 g6 17. h6 Bg5 18. Bxf5 gxf5 19. Qh5 Bxc1 20. Rxc1 Rg8 21. f4 Rg4 22. g3 Ke7 23. Ra2 Qg8 24. Rg2 Qg6 25. Qh3 Rg8 26. Kh2 f6 27. Nbd2 fxe5 28. dxe5 Bc6 29. Nxc4 dxc4 30. Rd2 Rxf4 31. Ne3 Re4 32. Ng2 Qg5 33. Rcd1 Rg6 34. Nh4 Rxh4 35. gxh4 Qf4+ 0-1

[Event "Francophonie-ch blitz 7th"]
[Site "Paris"]
[Date "2019.08.10"]
[Round "6"]
[White "Leconte, Jean Olivier"]
[Black "Sochacki, Christophe"]
[Result "1/2-1/2"]
[WhiteElo "2227"]
[BlackElo "2478"]
[PlyCount "108"]
[EventDate "2019.08.10"]
[EventType "swiss (blitz)"]
[EventRounds "11"]
[EventCountry "FRA"]
[SourceTitle "CBM 191 Extra"]
[Source "ChessBase"]
[SourceDate "2019.09.30"]
[SourceVersion "1"]
[SourceVersionDate "2019.09.30"]
[SourceQuality "1"]

1. e4 g6 2. d4 Nf6 3. e5 Nh5 4. Be2 d6 5. Nf3 Nc6 6. exd6 Qxd6 7. 0-0 Bg7 8. c3 0-0 9. Nbd2 Bf5 10. Nc4 Qd8 11. h3 Nf6 12. Re1 Nd5 13. Bf1 h5 14. Bg5 Qd7 15. Qd2 Kh7 16. Nce5 Nxe5 17. Nxe5 Qd6 18. c4 Nf6 19. Bf4 Qd8 20. Rad1 Ne4 21. Qc1 Qc8 22. g4 hxg4 23. hxg4 f6 24. gxf5 fxe5 25. fxg6+ Kxg6 26. Rxe4 exf4 27. Rxf4 Kh7 28. Rh4+ Kg8 29. Qg5 Qf5 30. Qg3 Qf3 31. Qxf3 Rxf3 32. Bg2 Rf6 33. Bxb7 Rb8 34. Bg2 Rxb2 35. f4 Rg6 36. Rh2 Rxa2 37. Kh1 e6 38. f5 Rg4 39. fxe6 Rxd4 40. Rf1 Bf8 41. e7 Bxe7 42. Bd5+ Rxd5 43. cxd5 Rxh2+ 44. Kxh2 a5 45. Kg2 a4 46. Rc1 Bd6 47. Kf3 a3 48. Rc2 Kf7 49. Ke4 Ke7 50. Kd4 Kd7 51. Kc4 Be5 52. Rg2 Bb2 53. Kb3 Kd6 54. Rd2 Ke5 1/2-1/2

[Event "Francophone-ch rapid 3rd"]
[Site "Geneve"]
[Date "2016.07.03"]
[Round "13"]
[White "Leconte, Jean Olivier"]
[Black "Benitah, Yohan"]
[Result "0-1"]
[WhiteElo "2262"]
[BlackElo "2396"]
[PlyCount "84"]
[EventDate "2016.07.02"]
[EventType "swiss (rapid)"]
[EventRounds "15"]
[EventCountry "SUI"]
[SourceTitle "CBM 173 Extra"]
[Source "ChessBase"]
[SourceDate "2016.08.29"]
[SourceVersion "1"]
[SourceVersionDate "2016.08.29"]
[SourceQuality "1"]

1. e4 c5 2. Nf3 d6 3. Bc4 e6 4. d3 a6 5. Bb3 Nc6 6. c3 Nf6 7. 0-0 Be7 8. Re1 0-0 9. d4 e5 10. h3 h6 11. d5 Na5 12. Bc2 b5 13. Nbd2 c4 14. Nf1 Nb7 15. a4 Bd7 16. g4 h5 17. N3h2 hxg4 18. hxg4 Nh7 19. Ng3 g6 20. Kg2 Bg5 21. axb5 axb5 22. Rxa8 Qxa8 23. Bxg5 Nxg5 24. Qc1 Qd8 25. f3 Kg7 26. Rh1 Rh8 27. f4 exf4 28. Qxf4 Qf6 29. Qxf6+ Kxf6 30. Rf1+ Kg7 31. Ra1 Nc5 32. Re1 f6 33. Re2 Ra8 34. Re1 Ra2 35. Rb1 Nf7 36. Ne2 Ne5 37. Nc1 Ra8 38. Kg3 g5 39. Ne2 Ned3 40. Bxd3 cxd3 41. Nd4 Nxe4+ 42. Kg2 Ra2 0-1

[Event "Francophone-ch rapid 3rd"]
[Site "Geneve"]
[Date "2016.07.03"]
[Round "12"]
[White "Riff, Jean Noel"]
[Black "Leconte, Jean Olivier"]
[Result "1-0"]
[WhiteElo "2494"]
[BlackElo "2262"]
[PlyCount "67"]
[EventDate "2016.07.02"]
[EventType "swiss (rapid)"]
[EventRounds "15"]
[EventCountry "SUI"]
[SourceTitle "CBM 173 Extra"]
[Source "ChessBase"]
[SourceDate "2016.08.29"]
[SourceVersion "1"]
[SourceVersionDate "2016.08.29"]
[SourceQuality "1"]

1. e4 e6 2. d4 d5 3. Nc3 Bb4 4. Nge2 Nf6 5. e5 Nfd7 6. Nf4 c5 7. a3 Ba5 8. Nh5 g6 9. b4 gxh5 10. bxa5 a6 11. Qxh5 cxd4 12. Ne2 Nc6 13. f4 Qxa5+ 14. Bd2 Qc5 15. Nc1 b5 16. Bd3 Bb7 17. Nb3 Qb6 18. 0-0 0-0-0 19. a4 f6 20. axb5 axb5 21. Na5 fxe5 22. Rfb1 Ba6 23. Nxc6 Qxc6 24. fxe5 Nc5 25. Bb4 Na4 26. Bd6 Nc3 27. Qf7 Rd7 28. Qxe6 Kb7 29. Rb3 Rg7 30. Rba3 Ra8 31. Qf6 Rd7 32. Bf5 Rdd8 33. Qe7+ Kb6 34. Bc5+ 1-0

[Event "FRA-ch rapid 13th"]
[Site "Nancy"]
[Date "2015.02.22"]
[Round "9"]
[White "Leconte, Jean Olivier"]
[Black "Gatineau, Yovann"]
[Result "1-0"]
[WhiteElo "2299"]
[BlackElo "2092"]
[PlyCount "66"]
[EventDate "2015.02.22"]
[EventType "swiss (rapid)"]
[EventRounds "9"]
[EventCountry "FRA"]
[SourceTitle "EXT 2016"]
[Source "ChessBase"]
[SourceDate "2015.10.08"]
[SourceVersion "1"]
[SourceVersionDate "2015.10.08"]
[SourceQuality "1"]

1. e4 c5 2. Nf3 e6 3. b4 cxb4 4. a3 d5 5. e5 Nc6 6. axb4 Bxb4 7. c3 Be7 8. d4 Nh6 9. Bd3 Nf5 10. 0-0 0-0 11. g4 Nh4 12. Nxh4 Bxh4 13. f4 Be7 14. Ra2 f6 15. exf6 Rxf6 16. g5 Rf5 17. Bxf5 exf5 18. Nd2 Be6 19. Nf3 Bf7 20. Qd3 g6 21. Re1 Kg7 22. Rae2 a5 23. Qb5 Qc7 24. Qa4 Rb8 25. Rb2 Na7 26. Bd2 b5 27. Qc2 Nc6 28. Qd3 b4 29. cxb4 axb4 30. Rc1 Qd6 31. Ne5 Nxe5 32. dxe5 Qd7 33. Qd4 Qb5 1-0

[Event "Paris-ch Blitz"]
[Site "Paris"]
[Date "2015.??.??"]
[Round "?"]
[White "Leconte, Jean Olivier"]
[Black "Chandesris, Ludovic"]
[Result "0-1"]
[WhiteElo "2310"]
[BlackElo "2250"]
[PlyCount "50"]
[EventDate "2015.02.28"]
[EventType "swiss (blitz)"]
[EventRounds "9"]
[EventCountry "FRA"]
[SourceTitle "EXT 2016"]
[Source "ChessBase"]
[SourceDate "2015.10.08"]
[SourceVersion "1"]
[SourceVersionDate "2015.10.08"]
[SourceQuality "1"]

1. e4 c6 2. Nc3 d5 3. Nf3 Bg4 4. h3 Bh5 5. exd5 cxd5 6. g4 Bg6 7. Ne5 Nc6 8. Bb5 Rc8 9. d4 e6 10. h4 f6 11. Nxg6 hxg6 12. Qf3 Kf7 13. Be3 Bb4 14. h5 gxh5 15. gxh5 Qa5 16. Bxc6 Bxc3+ 17. Kf1 Bxb2 18. Bd7 Rc7 19. Rb1 Qxa2 20. Rxb2 Qxb2 21. Ba4 Qa1+ 22. Kg2 Qxa4 23. Qg3 Qxc2 24. Rc1 Qe4+ 25. f3 Rc2+ 0-1

[Event "Paris-ch rapid"]
[Site "Paris"]
[Date "2015.??.??"]
[Round "4"]
[White "Leconte, Jean Olivier"]
[Black "Sotelo, Renzo"]
[Result "1-0"]
[WhiteElo "2310"]
[BlackElo "2005"]
[PlyCount "95"]
[EventDate "2015.03.01"]
[EventType "swiss (rapid)"]
[EventCountry "FRA"]
[SourceTitle "EXT 2016"]
[Source "ChessBase"]
[SourceDate "2015.10.08"]
[SourceVersion "1"]
[SourceVersionDate "2015.10.08"]
[SourceQuality "1"]

1. e4 e6 2. Nf3 d5 3. e5 f6 4. d4 c5 5. c3 Nc6 6. Bd3 cxd4 7. cxd4 Bb4+ 8. Nc3 f5 9. h4 h5 10. a3 Bxc3+ 11. bxc3 g6 12. Bg5 Qa5 13. Qc2 Bd7 14. 0-0 Nd8 15. a4 Nf7 16. Bd2 Qc7 17. Qb3 Ne7 18. Rfc1 0-0 19. c4 Qb6 20. Qa3 Nc6 21. Rab1 Qc7 22. cxd5 exd5 23. Qb3 Be6 24. Qxb7 Qxb7 25. Rxb7 Rfc8 26. Ba6 Ncd8 27. Rbc7 Rxc7 28. Rxc7 f4 29. Rc1 Bg4 30. Bxf4 Ne6 31. Be3 Rb8 32. Rc8+ Rxc8 33. Bxc8 Nfd8 34. Nd2 Kf7 35. Nb1 Be2 36. Nc3 Bc4 37. Nb5 Bxb5 38. axb5 Ke7 39. Bg5+ Nxg5 40. hxg5 Nf7 41. f4 Nd8 42. Kf2 a5 43. bxa6 Nc6 44. Ke3 Na7 45. Bb7 Ke6 46. g3 Nb5 47. Bc8+ Ke7 48. f5 1-0

[Event "Le Port Marly Paribas blitz op"]
[Site "Le Port Marly"]
[Date "2013.06.15"]
[Round "10"]
[White "Devallee, Jeremie"]
[Black "Leconte, Jean Olivier"]
[Result "1-0"]
[WhiteElo "2190"]
[BlackElo "2330"]
[PlyCount "65"]
[EventDate "2013.06.15"]
[EventType "swiss (blitz)"]
[EventRounds "15"]
[EventCountry "FRA"]
[SourceTitle "EXT 2014"]
[Source "ChessBase"]
[SourceDate "2013.11.20"]
[SourceVersion "1"]
[SourceVersionDate "2013.11.20"]
[SourceQuality "1"]

1. e4 e6 2. Nf3 d5 3. e5 Bd7 4. a3 a5 5. b3 c5 6. Bb2 Nc6 7. d4 Nh6 8. Nc3 Nf5 9. Nb5 Be7 10. Be2 0-0 11. 0-0 Qb6 12. g4 Nfxd4 13. Nbxd4 cxd4 14. Bd3 Qc7 15. Qe2 f6 16. exf6 Bxf6 17. g5 Be7 18. Nxd4 Nxd4 19. Bxd4 Bxg5 20. Qh5 Bh6 21. Be5 Qd8 22. f4 Be8 23. Qg4 Qe7 24. Rae1 Qc5+ 25. Kh1 Bc6 26. Qxe6+ Rf7 27. Bxh7+ Kxh7 28. Qxf7 d4+ 29. Kg1 d3+ 30. Rf2 dxc2 31. Qf5+ Kh8 32. Bxg7+ Bxg7 33. Qxc5 1-0

[Event "Le Port Marly Paribas blitz op"]
[Site "Le Port Marly"]
[Date "2013.06.15"]
[Round "14"]
[White "Lalau, Alexandre"]
[Black "Leconte, Jean Olivier"]
[Result "0-1"]
[WhiteElo "2310"]
[BlackElo "2330"]
[PlyCount "104"]
[EventDate "2013.06.15"]
[EventType "swiss (blitz)"]
[EventRounds "15"]
[EventCountry "FRA"]
[SourceTitle "EXT 2014"]
[Source "ChessBase"]
[SourceDate "2013.11.20"]
[SourceVersion "1"]
[SourceVersionDate "2013.11.20"]
[SourceQuality "1"]

1. e4 e6 2. d4 d5 3. Nd2 Nc6 4. c3 e5 5. exd5 Qxd5 6. dxe5 Nxe5 7. Ngf3 Nd3+ 8. Bxd3 Qxd3 9. Qa4+ Bd7 10. Qe4+ Qxe4+ 11. Nxe4 Bb5 12. Bg5 f6 13. Be3 0-0-0 14. Nd4 Bd3 15. Ng3 Bd6 16. 0-0-0 Ba6 17. Ne6 Rd7 18. Nf5 g6 19. Nxd6+ cxd6 20. Bxa7 Ne7 21. Rhe1 Nc6 22. Bb6 Re8 23. Nf4 Re5 24. Nd5 f5 25. f4 Rxe1 26. Rxe1 Rf7 27. b3 Bd3 28. g3 Be4 29. Ne3 Kd7 30. Kd2 Ke6 31. c4 Rf8 32. Kc3 h6 33. Nf1 Kd7 34. Nd2 Re8 35. b4 d5 36. Nb3 dxc4 37. Nc5+ Kc8 38. Nxe4 fxe4 39. Kxc4 Re6 40. a3 Kd7 41. Rd1+ Ke8 42. Be3 Ne7 43. Rd4 Nf5 44. b5 Nxe3+ 45. Kc5 Nf5 46. Rd1 e3 47. Re1 e2 48. Kd5 Ke7 49. a4 h5 50. a5 Ne3+ 51. Kc5 Nc2 52. Rc1 e1Q 0-1

[Event "South Wales op 9th"]
[Site "Penarth"]
[Date "2012.07.12"]
[Round "8"]
[White "Duncan, Christopher R"]
[Black "Leconte, Jean Olivier"]
[Result "0-1"]
[WhiteElo "2318"]
[BlackElo "2298"]
[PlyCount "62"]
[EventDate "2012.07.08"]
[EventType "swiss"]
[EventRounds "9"]
[EventCountry "WLS"]
[SourceTitle "CBM 149 Extra"]
[Source "ChessBase"]
[SourceDate "2012.08.24"]
[SourceVersion "1"]
[SourceVersionDate "2012.08.24"]
[SourceQuality "1"]

1. Nf3 c5 2. c4 Nc6 3. Nc3 e5 4. e3 Nf6 5. d4 cxd4 6. exd4 e4 7. d5 exf3 8. dxc6 dxc6 9. Qxf3 Bg4 10. Qe3+ Be7 11. f3 Be6 12. Bd2 0-0 13. 0-0-0 b5 14. cxb5 cxb5 15. Bxb5 Qa5 16. Kb1 Bb4 17. Bc6 Rac8 18. Be4 Nxe4 19. fxe4 Bxc3 20. Bxc3 Qxa2+ 21. Kc1 f6 22. Kd2 Rfd8+ 23. Ke1 Rxd1+ 24. Kxd1 Qb1+ 25. Qc1 Rd8+ 26. Ke2 Qxe4+ 27. Kf2 Bd5 28. Rg1 Re8 29. Qd2 Qh4+ 30. g3 Qxh2+ 31. Kf1 Bc4+ 0-1

[Event "South Wales op 9th"]
[Site "Penarth"]
[Date "2012.07.08"]
[Round "2"]
[White "Bryant, Richard BE"]
[Black "Leconte, Jean Olivier"]
[Result "0-1"]
[WhiteElo "1945"]
[BlackElo "2298"]
[PlyCount "114"]
[EventDate "2012.07.08"]
[EventType "swiss"]
[EventRounds "9"]
[EventCountry "WLS"]
[SourceTitle "CBM 149 Extra"]
[Source "ChessBase"]
[SourceDate "2012.08.24"]
[SourceVersion "1"]
[SourceVersionDate "2012.08.24"]
[SourceQuality "1"]

1. e4 e6 2. d4 d5 3. Nc3 Nf6 4. e5 Nfd7 5. f4 c5 6. Nf3 Nc6 7. Ne2 b5 8. c3 b4 9. g3 Qb6 10. Bh3 g6 11. 0-0 Ba6 12. Rf2 bxc3 13. bxc3 Rb8 14. Kh1 Be7 15. Be3 Na5 16. Rg2 Nc4 17. Bg1 Nb2 18. Qe1 Qa5 19. Nc1 Nd3 20. Nxd3 Bxd3 21. Be3 Nb6 22. Rf2 Na4 23. Bd2 c4 24. Bg2 Ba3 25. Qe3 Bb2 26. Rg1 Bxc3 27. Ne1 Bf5 28. Bf3 h5 29. Bd1 Bxd2 30. Rxd2 Nc3 31. Bc2 Ne4 32. Re2 Qc3 33. Ng2 Qxe3 34. Nxe3 Nc3 35. Ree1 Kd7 36. Nxf5 gxf5 37. Re3 Nb5 38. Ba4 Ke7 39. Bxb5 Rxb5 40. Ra3 a5 41. Rc1 Rhb8 42. Rc2 Rb1+ 43. Kg2 R8b5 44. Kh3 Rd1 45. Kh4 Rxd4 46. Kxh5 f6 47. Re2 fxe5 48. Rxe5 Kf6 49. Rae3 Rb6 50. h3 Rc6 51. g4 Rxf4 52. g5+ Kf7 53. g6+ Kf6 54. g7 Kxg7 55. Rxe6 Rxe6 56. Rxe6 c3 57. Kg5 c2 0-1

[Event "South Wales op 9th"]
[Site "Penarth"]
[Date "2012.07.08"]
[Round "1"]
[White "Leconte, Jean Olivier"]
[Black "Iyengar, Ilya"]
[Result "0-1"]
[WhiteElo "2298"]
[BlackElo "2003"]
[PlyCount "66"]
[EventDate "2012.07.08"]
[EventType "swiss"]
[EventRounds "9"]
[EventCountry "WLS"]
[SourceTitle "CBM 149 Extra"]
[Source "ChessBase"]
[SourceDate "2012.08.24"]
[SourceVersion "1"]
[SourceVersionDate "2012.08.24"]
[SourceQuality "1"]

1. e4 c5 2. Nc3 Nc6 3. Bb5 Nd4 4. Bc4 g6 5. Nf3 Bg7 6. Nxd4 cxd4 7. Qf3 e6 8. Nb5 Qb6 9. Qf4 Qc5 10. b3 Be5 11. Ba3 Qxb5 12. Qg5 Qa5 13. Bb2 f6 14. Qh4 d3 15. c3 b5 16. b4 Qb6 17. Bxd3 Bb7 18. 0-0 Ne7 19. Bc2 f5 20. Rae1 Bg7 21. exf5 Nxf5 22. Bxf5 gxf5 23. Qh5+ Kd8 24. d4 Bd5 25. f3 Kc7 26. Bc1 Raf8 27. Bf4+ Kb7 28. Kh1 Bf6 29. Bh6 Rfg8 30. Qf7 Qd8 31. Qh5 Bg5 32. Rf2 Rg6 33. Bxg5 Qxg5 0-1

[Event "South Wales op 9th"]
[Site "Penarth"]
[Date "2012.07.08"]
[Round "3"]
[White "Leconte, Jean Olivier"]
[Black "Thomas, James M"]
[Result "1-0"]
[WhiteElo "2298"]
[BlackElo "1864"]
[PlyCount "51"]
[EventDate "2012.07.08"]
[EventType "swiss"]
[EventRounds "9"]
[EventCountry "WLS"]
[SourceTitle "CBM 149 Extra"]
[Source "ChessBase"]
[SourceDate "2012.08.24"]
[SourceVersion "1"]
[SourceVersionDate "2012.08.24"]
[SourceQuality "1"]

1. e4 e6 2. Nf3 d5 3. e5 c5 4. b4 cxb4 5. a3 Nc6 6. axb4 Bxb4 7. c3 Be7 8. d4 Nh6 9. Bd3 Nf5 10. 0-0 0-0 11. g4 Nh4 12. Nxh4 Bxh4 13. f4 Be7 14. Ra2 f6 15. exf6 gxf6 16. g5 f5 17. Rg2 Qe8 18. Rf3 Kg7 19. Rh3 Rh8 20. Ba3 Bd7 21. Qe1 Bxa3 22. Nxa3 Qe7 23. Qh4 Qxa3 24. Qh6+ Kf7 25. Qf6+ Kg8 26. g6 1-0

[Event "Le Touquet op 26th"]
[Site "Le Touquet"]
[Date "2011.10.24"]
[Round "3"]
[White "Leconte, Jean Olivier"]
[Black "Fleurquin, Boris"]
[Result "1/2-1/2"]
[WhiteElo "2290"]
[BlackElo "1935"]
[PlyCount "104"]
[EventDate "2011.10.22"]
[EventType "swiss"]
[EventRounds "9"]
[EventCountry "FRA"]
[SourceTitle "EXT 2012"]
[Source "ChessBase"]
[SourceDate "2011.11.24"]
[SourceVersion "1"]
[SourceVersionDate "2011.11.24"]
[SourceQuality "1"]

1. e4 c5 2. Nc3 e6 3. g3 d6 4. Bg2 Nc6 5. f4 Be7 6. Nf3 Nf6 7. 0-0 Bd7 8. d3 a6 9. h3 Qc7 10. Be3 h5 11. Qd2 0-0-0 12. a3 d5 13. Bf2 dxe4 14. Ng5 Be8 15. Ngxe4 Nd4 16. Rab1 Nxe4 17. Nxe4 Bc6 18. c3 Nf5 19. b4 c4 20. d4 Nd6 21. Qe2 Nxe4 22. Bxe4 h4 23. g4 Bxe4 24. Qxe4 g5 25. Be3 Kd7 26. Rb2 Rdf8 27. fxg5 Rhg8 28. Rbf2 Qg3+ 29. Rg2 Qc7 30. d5 Bxg5 31. Bxg5 Rxg5 32. Rxf7+ Rxf7 33. dxe6+ Ke7 34. exf7+ Re5 35. Rf2 Kf8 36. Qf3 Qe7 37. Qf4 Qd6 38. Kh2 b5 39. Kg2 Qd5+ 40. Kh2 Qd6 41. Kg2 Qd5+ 42. Qf3 Re4 43. Kf1 Qe5 44. Qd1 Qe7 45. Qd2 Re6 46. Qd5 Rd6 47. Qa8+ Rd8 48. Qf3 Qe5 49. Re2 Qd6 50. Qe3 Kxf7 51. Rf2+ Kg6 52. g5 Qd3+ 1/2-1/2

[Event "Paris-ch blitz"]
[Site "Paris"]
[Date "2011.??.??"]
[Round "2"]
[White "Leconte, Jean Olivier"]
[Black "Gharamian, Tigran"]
[Result "0-1"]
[WhiteElo "2335"]
[BlackElo "2658"]
[PlyCount "56"]
[EventDate "2011.01.30"]
[EventType "swiss (blitz)"]
[EventRounds "13"]
[EventCountry "FRA"]
[SourceTitle "EXT 2012"]
[Source "ChessBase"]
[SourceDate "2011.11.24"]
[SourceVersion "1"]
[SourceVersionDate "2011.11.24"]
[SourceQuality "1"]

1. e4 g6 2. d4 Bg7 3. Nc3 c6 4. Nf3 d6 5. h3 Nf6 6. Be3 0-0 7. Qd2 Nbd7 8. Bh6 e5 9. Bxg7 Kxg7 10. 0-0-0 Qe7 11. Re1 b5 12. g4 a6 13. Bg2 c5 14. dxe5 dxe5 15. g5 Nh5 16. Nd5 Qd6 17. Rd1 Bb7 18. Qc3 b4 19. Qe3 Bxd5 20. Rxd5 Qe7 21. Rhd1 Ra7 22. Bf1 Nf4 23. Rd6 Ne6 24. Bc4 Nd4 25. Rd5 Nb6 26. Rxe5 Qc7 27. Nxd4 Nxc4 28. Qg3 Qxe5 0-1

[Event "FRA-chT2 North 0809"]
[Site "France"]
[Date "2008.10.19"]
[Round "1.2"]
[White "Leconte, Jean Olivier"]
[Black "Castaignet, Laurent"]
[Result "0-1"]
[WhiteElo "2315"]
[BlackElo "2158"]
[PlyCount "118"]
[EventDate "2008.10.19"]
[EventType "tourn"]
[EventRounds "11"]
[EventCountry "FRA"]
[SourceTitle "EXT 2010"]
[Source "ChessBase"]
[SourceDate "2010.11.25"]
[SourceVersion "1"]
[SourceVersionDate "2010.11.25"]
[SourceQuality "1"]
[WhiteTeam "Saint Mande"]
[BlackTeam "Le Vesinet"]
[WhiteTeamCountry "FRA"]
[BlackTeamCountry "FRA"]

1. e4 c5 2. Nf3 e6 3. d3 Nc6 4. g3 d5 5. Qe2 Nge7 6. Bg2 d4 7. 0-0 g6 8. Nbd2 Bg7 9. h4 0-0 10. h5 gxh5 11. Nh2 h4 12. Ndf3 Ng6 13. Bg5 f6 14. Bxh4 Rf7 15. e5 Nxh4 16. Nxh4 Nxe5 17. Qh5 f5 18. f4 Nd7 19. N4f3 Rf6 20. Ng5 h6 21. Ngf3 Rf8 22. Nd2 Nf6 23. Qe2 Nd5 24. Bf3 e5 25. fxe5 Be6 26. Bxd5 Qxd5 27. a4 Rae8 28. Nc4 Bd7 29. Qf3 Bc6 30. b3 Bxe5 31. Qxd5+ Bxd5 32. Nxe5 Rxe5 33. Rae1 Rfe8 34. Rxe5 Rxe5 35. Kf2 Re3 36. Rg1 Kf7 37. Nf1 Re8 38. Nd2 Kf6 39. Rb1 f4 40. gxf4 Kf5 41. Rg1 Kxf4 42. Rg6 Re6 43. Rg7 Rf6 44. Rd7 Bc6 45. Rg7 h5 46. Nf1 h4 47. Nh2 h3 48. Rh7 Bg2 49. Rh5 b6 50. a5 Rg6 51. Rh7 Bd5 52. Rh4+ Ke5 53. Ng4+ Kd6 54. axb6 axb6 55. Kg3 Be6 56. Kxh3 Kc6 57. Kg3 Kb5 58. Rh6 Rxg4+ 59. Kf3 Bf5 0-1

[Event "Ouest Toulousain op-A 3rd"]
[Site "Tournefeuille"]
[Date "2008.02.28"]
[Round "6"]
[White "Leconte, Jean Olivier"]
[Black "Collas, Didier"]
[Result "0-1"]
[WhiteElo "2316"]
[BlackElo "2441"]
[PlyCount "76"]
[EventDate "2008.02.25"]
[EventType "swiss"]
[EventRounds "9"]
[EventCountry "FRA"]
[SourceTitle "CBM 123 Extra"]
[Source "ChessBase"]
[SourceDate "2008.05.06"]
[SourceVersion "1"]
[SourceVersionDate "2008.05.06"]
[SourceQuality "1"]

1. d4 d5 2. Nf3 Nf6 3. Bf4 c5 4. dxc5 e6 5. e3 Bxc5 6. Bd3 Nc6 7. a3 0-0 8. Nbd2 h6 9. b4 Bd6 10. b5 Na5 11. 0-0 b6 12. Be5 Bb7 13. Qe2 Ne4 14. Bb2 Rc8 15. Nd4 Nc3 16. Qg4 Qg5 17. Qh3 Qf6 18. f4 Na4 19. Nf5 Nxb2 20. Nxd6 Rc3 21. Nf3 Nac4 22. Nxb7 Nxd3 23. cxd3 Rxd3 24. Nd6 Nxd6 25. Ne5 Rc3 26. Nd7 Qe7 27. Nxf8 Qxf8 28. Rac1 Qc8 29. Rxc3 Qxc3 30. a4 Nf5 31. e4 Qd4+ 32. Kh1 Qxe4 33. Qb3 h5 34. Rc1 Ne3 35. Qb2 Qxf4 36. Rc8+ Kh7 37. Qb1+ f5 38. a5 Ng4 0-1

[Event "FRA-chT2B 0506"]
[Site "France"]
[Date "2006.02.05"]
[Round "7.4"]
[White "Karim, Ismael"]
[Black "Leconte, Jean Olivier"]
[Result "1/2-1/2"]
[WhiteElo "2234"]
[BlackElo "2317"]
[PlyCount "81"]
[EventDate "2005.10.27"]
[EventType "team-tourn"]
[EventRounds "11"]
[EventCountry "FRA"]
[SourceTitle "EXT 2006"]
[Source "ChessBase"]
[SourceDate "2005.11.24"]
[SourceVersion "1"]
[SourceVersionDate "2005.11.24"]
[SourceQuality "1"]
[WhiteTeam "Paris NAO II"]
[BlackTeam "Lutece"]
[WhiteTeamCountry "FRA"]
[BlackTeamCountry "FRA"]

1. e4 e6 2. d4 d5 3. Nc3 Bb4 4. e5 c5 5. a3 Bxc3+ 6. bxc3 Ne7 7. Qg4 Qc7 8. Qxg7 Rg8 9. Qxh7 cxd4 10. Ne2 dxc3 11. f4 Bd7 12. Qd3 Nf5 13. Rb1 Na6 14. Qxc3 Rc8 15. Qxc7 Rxc7 16. Bd2 Nc5 17. Ng3 Nxg3 18. hxg3 Ne4 19. Bd3 Nxd2 20. Kxd2 Rxg3 21. Rbg1 Ke7 22. Rh3 Rg4 23. g3 Rc5 24. Be2 Rg8 25. Rb1 b6 26. g4 Ba4 27. Rb2 Rcc8 28. Rc3 Rxc3 29. Kxc3 Rc8+ 30. Kd2 Rh8 31. Rb4 Bc6 32. Bd3 Rh2+ 33. Kc3 Rf2 34. f5 exf5 35. gxf5 Bd7 36. Kd4 Bxf5 37. Bxf5 Rxf5 38. Kxd5 f6 39. Re4 Kd7 40. Kd4 fxe5+ 41. Rxe5 1/2-1/2

[Event "FRA-chT2 0304"]
[Site "France"]
[Date "2004.04.04"]
[Round "11"]
[White "Leconte, Jean Olivier"]
[Black "Sarakauskas, Gediminas"]
[Result "1/2-1/2"]
[WhiteElo "2316"]
[BlackElo "2430"]
[PlyCount "121"]
[EventDate "2003.10.??"]
[EventType "team-tourn"]
[EventRounds "11"]
[EventCountry "FRA"]
[SourceTitle "EXT 2005"]
[Source "ChessBase"]
[SourceDate "2004.11.15"]
[SourceVersion "1"]
[SourceVersionDate "2004.11.15"]
[SourceQuality "1"]

1. e4 c5 2. Nc3 Nc6 3. Bb5 Nd4 4. Bc4 e6 5. Nf3 Ne7 6. 0-0 a6 7. Nxd4 cxd4 8. Ne2 d5 9. exd5 Nxd5 10. c3 Bc5 11. Nxd4 Bxd4 12. cxd4 0-0 13. d3 b5 14. Bb3 Bb7 15. Qg4 Qf6 16. Bd2 Rfd8 17. Bg5 Qg6 18. Qg3 Rd7 19. Rac1 Nb4 20. Be3 Qxg3 21. hxg3 Nxd3 22. Rc3 Nxb2 23. Rb1 Na4 24. Bxa4 bxa4 25. Rb4 h6 26. Rxa4 Rc8 27. Rxc8+ Bxc8 28. Rc4 Bb7 29. f3 Rd5 30. Rc5 Rd6 31. Rc2 Rb6 32. Bd2 Rb1+ 33. Kf2 Bd5 34. a3 f5 35. Bb4 g5 36. g4 fxg4 37. fxg4 Kf7 38. Bd6 Kg6 39. Be5 h5 40. gxh5+ Kxh5 41. Rd2 Kg4 42. Bd6 Rb3 43. Kg1 Kf5 44. Kf2 Ke4 45. Bc5 Bc4 46. Rd1 Rb2+ 47. Kg3 Bd5 48. Rf1 Ke3 49. Rg1 Rc2 50. Bb6 Rc3 51. a4 Ke2+ 52. Kh2 Kf2 53. Rb1 Rc2 54. Kh3 Ke3 55. Re1+ Kd3 56. Re5 Bxg2+ 57. Kg4 Bd5 58. Kxg5 a5 59. Re1 Ra2 60. Bxa5 Rxa4 61. Bb6 1/2-1/2